Les plans marketing. Comment les établir ? Comment les utiliser ?, Malcolm McDONALD. Bruxelles, De Boeck, 2004. Traduction de la cinquième édition de Marketing Plans publié en 2002 par Butterworth Heinemann (notice n° 1587983)
[ vue normale ]
| 000 -LEADER | |
|---|---|
| fixed length control field | 01055cam a2200157 4500500 |
| 005 - DATE AND TIME OF LATEST TRANSACTION | |
| control field | 20251228061935.0 |
| 041 ## - LANGUAGE CODE | |
| Language code of text/sound track or separate title | fre |
| 042 ## - AUTHENTICATION CODE | |
| Authentication code | dc |
| 100 10 - MAIN ENTRY--PERSONAL NAME | |
| Personal name | Heilbrunn, Benoît |
| Relator term | author |
| 245 00 - TITLE STATEMENT | |
| Title | Les plans marketing. Comment les établir ? Comment les utiliser ?, Malcolm McDONALD. Bruxelles, De Boeck, 2004. Traduction de la cinquième édition de Marketing Plans publié en 2002 par Butterworth Heinemann |
| 260 ## - PUBLICATION, DISTRIBUTION, ETC. | |
| Date of publication, distribution, etc. | 2005.<br/> |
| 500 ## - GENERAL NOTE | |
| General note | 13 |
| 520 ## - SUMMARY, ETC. | |
| Summary, etc. | « Nous jurons fidélité au pingouin, et au régime des propriétés intellectuelles dont il est l’emblême. Une nation, sous Linux, avec de la musique libre et des sources ouvertes donnant accés aux logiciels pour tous. Bienvenue au Brésil ! » Gilberto Gill, en tant que Ministre de la Culture du Brésil (et vedette internationale de la musique pop) a signé ce serment de fidélité. |
| 786 0# - DATA SOURCE ENTRY | |
| Note | Décisions Marketing | 37 | 1 | 2005-01-01 | p. 91f-94f | 0779-7389 |
| 856 41 - ELECTRONIC LOCATION AND ACCESS | |
| Uniform Resource Identifier | <a href="https://shs.cairn.info/revue-decisions-marketing-2005-1-page-91f?lang=fr&redirect-ssocas=7080">https://shs.cairn.info/revue-decisions-marketing-2005-1-page-91f?lang=fr&redirect-ssocas=7080</a> |
Pas d'exemplaire disponible.




Réseaux sociaux